000 00571nam a2200217Ia 4500
003 OSt
005 20220925221552.0
006 a|||||r|||| 00| 0
007 ta
008 220923b |||||||| |||| 00| 0 eng d
037 _cGeneral Book
040 _aRTL
_cRTL
_beng
041 _2eng
_aeng
082 _aU22, K9/TD
100 _aCHORLEY Richard J
245 0 _aWater, Earth and man
260 _aLondon
_bMethuen & Co Ltd
_c1969
300 _a588p
_ccm.
942 _hU22, K9/TD
_cGB
_2CC
999 _c574676
_d574676